000 00967cab a22002175a 4500
001 L147308
008 090428e20090417xxko f 000 0 eng d
035 _a(Sirsi) u147308
041 0 _aeng
100 1 _aMcAllister, Isabel
245 0 0 _aSustainability
_bzero-carbon homes
260 _c2009
490 0 _aBuilding
_v274 (8575) 17 April 2009, 46-49 (4)
520 _aAnalyses how the meaning of zero-carbon homes is redefined by the government. Alternative definitions include minimum standards of energy efficiency, a defined level of carbons reductions on site and diminution of residual emissions through possible "allowable solutions". Examines the issues involved with these new definitions.
590 _aKA
651 4 _aUnited Kingdom
_y
690 _aENVIRONMENTAL AND LAND CONSULTANCY-ENERGY-ENERGY USE-ENERGY EFFICIENCY
690 _aENVIRONMENTAL AND LAND CONSULTANCY-SUSTAINABILITY
690 _aBUILT ENVIRONMENT-BUILDING COSTS
942 _n0
999 _c81477
_d81477